[Event "Titled Tuesday intern op 12th Jan"]
[Site "Chess.com INT"]
[Date "2021.01.12"]
[Round "7"]
[White "Toolin, Christopher"]
[Black "Buksa, Nataliya"]
[Result "0-1"]
[WhiteElo "2146"]
[BlackElo "2419"]
[PlyCount "104"]
[EventDate "2021.01.12"]
[EventType "swiss (blitz)"]
[EventRounds "11"]
[EventCountry "USA"]
[SourceTitle "CBM 200 Extra"]
[Source "ChessBase"]
[SourceDate "2021.03.31"]
[SourceVersion "1"]
[SourceVersionDate "2021.03.31"]
[SourceQuality "1"]

1. d4 d5 2. c4 e6 3. Nc3 Be7 4. Nf3 Nf6 5. Bf4 0-0 6. e3 b6 7. cxd5 Nxd5 8. Nxd5 Qxd5 9. Be2 c5 10. 0-0 Bb7 11. dxc5 Bxc5 12. Qa4 Qe4 13. Qxe4 Bxe4 14. Rfd1 Nc6 15. Ng5 Bg6 16. Bf3 Rac8 17. Rd7 e5 18. Bg3 e4 19. Nxe4 Nb8 20. Bxb8 Rxb8 21. Nxc5 bxc5 22. b3 a5 23. Rc1 Rb5 24. h4 h5 25. Be2 Rb4 26. g3 a4 27. Rxc5 axb3 28. axb3 Rxb3 29. Bxh5 Be4 30. Re5 Bc6 31. Rd1 Ra8 32. Re7 g6 33. Be2 Kf8 34. Rc7 Be8 35. Bf3 Ra5 36. Rc8 Rb2 37. Rdd8 Ra1+ 38. Kg2 Raa2 39. Bc6 Kg7 40. Rxe8 Rxf2+ 41. Kh3 f5 42. Rc7+ Kf6 43. Rf8+ Ke5 44. Re7+ Kd6 45. Rd7+ Kxc6 46. g4 fxg4+ 47. Kxg4 Rxf8 48. Rg7 Rg2+ 49. Kh3 Rg1 50. h5 Rh8 51. Kh2 Rg5 52. h6 Rxh6# 0-1